| 000 | 00390nam a22001697a 4500 | ||
|---|---|---|---|
| 003 | MPLRDC | ||
| 005 | 20220104114321.0 | ||
| 008 | 210129b ||||| |||| 00| 0 eng d | ||
| 020 | _a962-447-077-4 | ||
| 082 | _a857.7 YQ v.133 | ||
| 100 | _a严沁 | ||
| 245 |
_a盈雪 _c |
||
| 260 |
_a _b勤加缘出版社 _c1992 |
||
| 300 | _b平 | ||
| 650 | _a长篇小说 | ||
| 942 |
_cBK _o857.7 YQ v.133 |
||
| 999 |
_c6540 _d6530 |
||